[Event "Mondiale Lampo FIDE 2017"]
[Site "Riyadh"]
[Date "29.12.2017"]
[Round "1.27"]
[White "Guseinov, Gadir"]
[Black "Potkin, Vladimir"]
[Result "1/2-1/2"]
[WhiteTitle "GM"]
[BlackTitle "GM"]
[WhiteElo "2646"]
[BlackElo "2574"]
[WhiteFideId "13401378"]
[BlackFideId "4131061"]
[EventDate "2017.12.29"]

1. e4 c5 2. Nc3 e6 3. Nf3 Nc6 4. d4 cxd4 5. Nxd4 Qc7 6. g3 a6 7. Bg2 d6 8. O-O
Be7 9. Re1 Bd7 10. Nxc6 Bxc6 11. a4 Nf6 12. Be3 O-O 13. a5 Nd7 14. Na4 Rae8 15.
Nb6 f5 16. Nxd7 Qxd7 17. Qd3 fxe4 18. Bxe4 Bxe4 19. Qxe4 d5 20. Qd3 Bf6 21. c3
Qc6 22. Re2 Rc8 23. Bd4 Bxd4 24. Qxd4 Rf6 25. Rae1 h6 26. h4 Qd6 27. Re5 Rc4 28.
Qe3 Kf7 29. Qe2 Rc8 30. Qh5+ Kf8 31. R1e2 Rc7 32. Qg4 Kf7 33. R2e3 Rc4 34. Qh5+
Kf8 35. Qe2 Kf7 36. Qd1 Rc6 37. Qb3 Qc7 38. Re2 Rc5 39. Qb4 Rb5 40. Qg4 Qd6 41.
b4 Qc6 42. Qd4 b6 43. axb6 Qxb6 44. Qxb6 Rxb6 45. Ra2 Rc6 46. Re3 Ke7 47. f4 Kd7
48. Kg2 Rf8 49. Kf3 Rfc8 50. Ra3 Rb8 51. Kg4 g6 52. h5 Rg8 53. hxg6 Rxg6+ 54.
Kh5 Rf6 55. Re2 Ke7 56. Rea2 e5 57. fxe5 Rf5+ 58. Kg4 Rxe5 59. Rxa6 Rc4+ 60. Kh3
Rh5+ 61. Kg2 Rxc3 62. Re2+ Kd7 63. Rg6 Rg5 64. Rxg5 hxg5 65. Re5 Kd6 66. Rxg5
Rb3 67. Kf2 Rxb4 68. Ke3 Ke6 69. Kd3 Rb3+ 70. Kd4 Rb4+ 71. Kd3 1/2-1/2

[Event "Mondiale Lampo FIDE 2017"]
[Site "Riyadh"]
[Date "29.12.2017"]
[Round "1.28"]
[White "Miton, Kamil"]
[Black "Kokarev, Dmitry"]
[Result "1-0"]
[WhiteTitle "GM"]
[BlackTitle "GM"]
[WhiteElo "2584"]
[BlackElo "2615"]
[WhiteFideId "1111914"]
[BlackFideId "4132181"]
[EventDate "2017.12.29"]

1. e4 c5 2. Nf3 d6 3. Bb5+ Bd7 4. c4 Nf6 5. Nc3 g6 6. d4 cxd4 7. Nxd4 Bg7 8. Be3
O-O 9. h3 Bc6 10. Bxc6 bxc6 11. O-O c5 12. Nde2 Nc6 13. b3 e5 14. Bg5 h6 15.
Bxf6 Bxf6 16. Nd5 Bg5 17. g3 h5 18. h4 Bh6 19. Nec3 Kg7 20. Kg2 Qd7 21. Ne3 a5
22. Qd3 Nd4 23. Nb5 a4 24. Nxd4 exd4 25. Nd5 Qb7 26. b4 a3 27. b5 Rfe8 28. Rae1
Kh8 29. f4 Bg7 30. Kh2 Ra4 31. Re2 Ra5 32. f5 Ra7 33. Qd2 Qc8 34. f6 Bf8 35. b6
Rb7 36. Qd3 Qg4 37. Qf3 Qd7 38. Rd1 Bh6 39. Rd3 Kh7 40. Rxa3 Reb8 41. Rb3 Qa4
42. Qd3 Re8 43. Kg2 Qd7 44. Rb5 Ra8 45. Qb3 Qg4 46. Qf3 Qxf3+ 47. Kxf3 d3 48.
Re1 Rxa2 49. Rd1 Ra3 50. e5 dxe5 51. Ke4 d2 52. Kxe5 Rb8 53. Kd6 Re8 54. b7 Re1
55. Rbb1 Rxd1 56. Rxd1 Rb3 57. Kc7 g5 58. b8=Q Rxb8 59. Kxb8 gxh4 60. gxh4 Kg6
61. Nc3 Kf5 62. Nb1 Kxf6 63. Nxd2 Kf5 64. Nb3 Kg4 65. Nxc5 Kxh4 66. Nd3 1-0

[Event "Mondiale Lampo FIDE 2017"]
[Site "Riyadh"]
[Date "29.12.2017"]
[Round "1.29"]
[White "Kravtsiv, Martyn"]
[Black "Al-Modiahki, Mohamad"]
[Result "1-0"]
[WhiteTitle "GM"]
[BlackTitle "GM"]
[WhiteElo "2672"]
[BlackElo "2542"]
[WhiteFideId "14113147"]
[BlackFideId "12100030"]
[EventDate "2017.12.29"]

1. e4 c5 2. Nf3 Nc6 3. d4 cxd4 4. Nxd4 g6 5. c4 Nf6 6. Nc3 Nxd4 7. Qxd4 d6 8.
Be2 Bg7 9. Be3 O-O 10. Qd2 a5 11. O-O a4 12. Rad1 Qa5 13. Bd4 Be6 14. f4 Rfc8
15. b3 axb3 16. axb3 b5 17. f5 Bd7 18. cxb5 gxf5 19. exf5 Qb4 20. Bc4 d5 21.
Bxf6 Bxf6 22. Nxd5 Qxd2 23. Rxd2 Bg5 24. Nxe7+ Bxe7 25. Rxd7 1-0

[Event "Mondiale Lampo FIDE 2017"]
[Site "Riyadh"]
[Date "29.12.2017"]
[Round "1.30"]
[White "Sethuraman, S.P."]
[Black "Riazantsev, Alexander"]
[Result "0-1"]
[WhiteTitle "GM"]
[BlackTitle "GM"]
[WhiteElo "2646"]
[BlackElo "2650"]
[WhiteFideId "5021596"]
[BlackFideId "4125029"]
[EventDate "2017.12.29"]

1. c4 e6 2. Nf3 d5 3. g3 Nf6 4. Bg2 Be7 5. O-O O-O 6. d4 c6 7. Qc2 dxc4 8. Qxc4
b5 9. Qc2 Bb7 10. e4 c5 11. e5 Nd5 12. dxc5 Na6 13. Rd1 Nxc5 14. Nc3 Qb6 15.
Nxd5 Bxd5 16. Ng5 Bxg5 17. Bxd5 exd5 18. Bxg5 Ne6 19. Be7 Rfc8 20. Qd3 d4 21.
Bd6 Rc4 22. Rd2 Rac8 23. Rad1 Qc6 24. h4 h6 25. Kh2 Qd5 26. Qa3 Qb7 27. Qb3 a5
28. Qd3 a4 29. a3 Qd5 30. Re2 h5 31. Red2 g6 32. Re1 Qc6 33. Red1 Rc2 34. Qe2
Rxd2 35. Rxd2 Qc4 36. Qe4 Qc1 37. Qe2 Qc4 38. Rd3 Qd5 39. Rd1 Rc4 40. Qd3 Qc6
41. Rd2 Rc1 42. Rd1 Rxd1 43. Qxd1 Qe4 44. Qd2 d3 45. Kg1 Nd4 46. Qe3 0-1

[Event "Mondiale Lampo FIDE 2017"]
[Site "Riyadh"]
[Date "29.12.2017"]
[Round "1.31"]
[White "Bu, Xiangzhi"]
[Black "Ibrahimov, Rasul"]
[Result "1-0"]
[WhiteTitle "GM"]
[BlackTitle "GM"]
[WhiteElo "2730"]
[BlackElo "2518"]
[WhiteFideId "8601445"]
[BlackFideId "13400495"]
[EventDate "2017.12.29"]

1. Nf3 d5 2. d4 c6 3. c4 Nf6 4. Qc2 g6 5. Bf4 Bg7 6. e3 O-O 7. Nc3 c5 8. dxc5
Qa5 9. Rd1 dxc4 10. Bxc4 Qxc5 11. Bb3 Nc6 12. O-O Bf5 13. Qe2 Rad8 14. h3 h6 15.
e4 g5 16. Be3 Qa5 17. exf5 Qxf5 18. Nd4 1-0

[Event "Mondiale Lampo FIDE 2017"]
[Site "Riyadh"]
[Date "29.12.2017"]
[Round "1.32"]
[White "Halkias, Stelios"]
[Black "Melkumyan, Hrant"]
[Result "1-0"]
[WhiteTitle "GM"]
[BlackTitle "GM"]
[WhiteElo "2571"]
[BlackElo "2633"]
[WhiteFideId "4201809"]
[BlackFideId "13302485"]
[EventDate "2017.12.29"]

1. Nf3 g6 2. d4 d5 3. g3 Bg7 4. Bg2 Nd7 5. O-O Ngf6 6. b3 O-O 7. Bb2 c6 8. c4
Ne4 9. Nbd2 Ndf6 10. Ne5 Nxd2 11. Qxd2 Be6 12. Rfd1 Qb6 13. Rac1 Rfd8 14. Ba3
Qc7 15. Qc2 Bf5 16. Qb2 Be4 17. f3 Bf5 18. cxd5 Nxd5 19. Qd2 Be6 20. e4 Nb6 21.
Qf2 Nd7 22. Nd3 Nf8 23. d5 Bc8 24. Kh1 e6 25. d6 Qa5 26. Bb4 Qa6 27. e5 Nd7 28.
f4 Nb6 29. Nc5 Qb5 30. Be1 Nd7 31. a4 Qb6 32. a5 Qb5 33. Bf1 Qxc5 34. Rxc5 Nxc5
35. Qxc5 Bf8 36. Bg2 a6 37. Qb6 Rd7 38. Bf2 h5 39. h3 Bh6 40. Kh2 h4 41. Be3
hxg3+ 42. Kxg3 Kg7 43. h4 Kh7 44. Bf3 Bg7 45. h5 g5 46. Qd4 gxf4+ 47. Qxf4 Rd8
48. Be4+ Kg8 49. h6 Bh8 50. Qg5+ Kf8 51. Qxd8# 1-0

[Event "Mondiale Lampo FIDE 2017"]
[Site "Riyadh"]
[Date "29.12.2017"]
[Round "1.33"]
[White "Wang, Yue"]
[Black "Al-Sayed, Mohammed"]
[Result "0-1"]
[WhiteTitle "GM"]
[BlackTitle "GM"]
[WhiteElo "2690"]
[BlackElo "2511"]
[WhiteFideId "8601429"]
[BlackFideId "12100196"]
[EventDate "2017.12.29"]

1. d4 d5 2. c4 c6 3. Nf3 Nf6 4. cxd5 cxd5 5. Nc3 Nc6 6. Bf4 Bf5 7. e3 e6 8. Qb3
Bb4 9. Ne5 Qa5 10. Nxc6 bxc6 11. a3 Bxc3+ 12. Qxc3 Qxc3+ 13. bxc3 O-O 14. f3 Nd7
15. Ba6 e5 16. dxe5 Rae8 17. Kf2 Nxe5 18. Rhd1 f6 19. Bxe5 fxe5 20. c4 Be6 21.
cxd5 cxd5 22. Bb7 Rd8 23. Rac1 Rf7 24. Bc6 Rc7 25. Bb5 Rdc8 26. Rxc7 Rxc7 27. a4
Kf7 28. Kg3 Ke7 29. f4 Kf6 30. Kf3 Rc3 31. h3 h5 32. fxe5+ Kxe5 33. Rd4 g5 34.
g4 h4 35. Rb4 a5 36. Rb2 Rc1 37. Bd3 Rg1 38. Rb8 Rg3+ 39. Kf2 Rxh3 40. Re8 Kd6
41. Be2 Rh2+ 42. Ke1 Rg2 43. Kf1 Rg3 44. Rd8+ Ke7 45. Ra8 h3 46. Rh8 Kf6 47. Kf2
Rg2+ 48. Kf1 Bxg4 49. Bxg4 Rxg4 50. Rxh3 Rxa4 51. Ke2 Kf5 52. Rh8 g4 53. Rf8+
Ke5 54. Re8+ Kd6 55. Rd8+ Ke6 56. Re8+ Kd7 57. Re5 Ra2+ 58. Kd3 Kd6 59. Rg5 Ra4
60. Rg6+ Kc5 61. Rg5 Re4 62. Rg8 a4 63. Rc8+ Kb5 64. Rb8+ Kc5 65. Rc8+ Kb4 66.
Rd8 Re5 67. Rb8+ Ka3 68. Kd4 Rg5 69. Rb1 g3 70. Rg1 g2 71. e4 dxe4 72. Kxe4 Kb2
73. Kf4 Rg8 0-1

[Event "Mondiale Lampo FIDE 2017"]
[Site "Riyadh"]
[Date "29.12.2017"]
[Round "1.34"]
[White "Fedorchuk, Sergey A."]
[Black "Almasi, Zoltan"]
[Result "1-0"]
[WhiteTitle "GM"]
[BlackTitle "GM"]
[WhiteElo "2648"]
[BlackElo "2682"]
[WhiteFideId "14102536"]
[BlackFideId "702293"]
[EventDate "2017.12.29"]

1. e4 d6 2. d4 g6 3. Nc3 Bg7 4. Be3 a6 5. Qd2 Nd7 6. h4 h6 7. O-O-O b5 8. Kb1
Bb7 9. f3 Ngf6 10. Nge2 b4 11. Na4 a5 12. Ng3 h5 13. b3 Bc6 14. Nb2 e6 15. Ne2
Qb8 16. Nf4 Nb6 17. Bd3 Qa7 18. d5 exd5 19. exd5 Bd7 20. Bxb6 Qxb6 21. Rhe1+ Kd8
22. Bc4 a4 23. bxa4 Bxa4 24. Nxa4 Rxa4 25. Bb3 Ra8 26. Qe3 Qxe3 27. Rxe3 Nd7 28.
Nd3 Rb8 29. Re4 Bc3 30. Rf1 Re8 31. Rxe8+ Kxe8 32. Rf2 Nb6 33. Re2+ Kd7 34. Re4
f5 35. Re6 Rg8 36. a3 bxa3 37. Ka2 g5 38. hxg5 Rxg5 39. Rh6 Rxg2 40. Rxh5 Rg1
41. Rh7+ Kc8 42. Kxa3 Ra1+ 43. Ba2 Nxd5 44. Kb3 Bf6 45. Rf7 c6 46. c4 Rd1 47.
Nf2 Rd2 48. cxd5 Rb2+ 49. Ka3 Rxf2 50. Rxf6 Rxf3+ 51. Kb4 c5+ 52. Kb5 Kd7 53.
Rf7+ Ke8 54. Ra7 f4 55. Kc6 Re3 56. Kxd6 f3 57. Kc6 f2 58. Bc4 Rc3 59. Bb5 Rb3
60. Ra1 1-0

[Event "Mondiale Lampo FIDE 2017"]
[Site "Riyadh"]
[Date "29.12.2017"]
[Round "1.36"]
[White "Dobrov, Vladimir"]
[Black "Laznicka, Viktor"]
[Result "1/2-1/2"]
[WhiteTitle "GM"]
[BlackTitle "GM"]
[WhiteElo "2515"]
[BlackElo "2647"]
[WhiteFideId "4136594"]
[BlackFideId "316385"]
[EventDate "2017.12.29"]

1. e4 c6 2. Nc3 d5 3. Nf3 Bg4 4. h3 Bxf3 5. Qxf3 e6 6. a3 Nf6 7. d3 Bc5 8. Be2
Nbd7 9. O-O O-O 10. Qg3 Bd4 11. Bh6 Ne8 12. Bg5 Bf6 13. Bd2 Qc7 14. Qxc7 Nxc7
15. f4 Bd4+ 16. Kh2 a5 17. Bf3 b5 18. Rab1 Rfd8 19. Ne2 Bb6 20. Rfd1 Rac8 21.
Be1 Nc5 22. Bh4 Rd7 23. e5 b4 24. axb4 axb4 25. Ra1 Nb5 26. c3 bxc3 27. bxc3 Ra7
28. Rxa7 Bxa7 29. c4 Nc7 30. Ra1 Ra8 31. Bf2 Bb6 32. Rb1 Ba7 33. Bxc5 Bxc5 34.
d4 Be7 35. Rb7 Bd8 36. Rb6 Ra6 37. Rb8 Ra8 38. Rxa8 Nxa8 39. c5 Ba5 40. Nc1 Nc7
41. Nb3 Bc3 42. Be2 h6 43. h4 g5 44. hxg5 hxg5 45. fxg5 Kg7 46. Kg3 Bb4 47. Bd3
Bc3 48. Kg4 Bb4 49. Kh5 Bc3 50. g4 Bb4 51. g6 fxg6+ 52. Bxg6 Bc3 53. Bd3 Bb2 54.
g5 Bc3 55. g6 Bb2 56. Kg4 Bc3 57. Kf3 Bb4 58. Ke2 Bc3 59. Kd1 Bb4 60. Kc2 Kh6
61. Kb2 Kg7 62. Nc1 Bd2 63. Ne2 Be1 64. Nf4 Kh6 65. Nh5 Ne8 66. Nf6 Nc7 67. Ng8+
Kg7 68. Ne7 Bf2 69. Nxc6 Kh6 70. Kc3 Be1+ 71. Kc2 Bf2 72. Kd2 Kg7 73. Ke2 Bg1
74. Kd2 Bf2 75. Kc2 Kh6 76. Kb3 Kg7 77. Bb1 Nb5 78. Nd8 Nxd4+ 79. Ka4 Bg3 80.
Nf7 Nc6 81. Ng5 Nd8 82. Nf3 Nc6 83. Kb5 Nxe5 84. Ng5 Kf6 85. g7 Kxg7 86. Nxe6+
Kf7 87. Nd4 Bf2 88. Nf5 d4 89. c6 Nxc6 90. Kxc6 Kf6 91. Kd5 Be3 92. Bd3 Bf2 93.
Ke4 Be3 94. Nd6 Bg1 95. Nb5 Be3 96. Be2 Bg1 97. Nc7 Be3 98. Bg4 Kg5 99. Kf3 Kf6
100. Ke4 Kg5 101. Bd7 Kh4 102. Kf3 Kg5 103. Nd5 Bd2 104. Nc7 Be3 105. Ne6+ Kf6
106. Ke4 Bf2 107. Nf4 Be3 1/2-1/2

[Event "Mondiale Lampo FIDE 2017"]
[Site "Riyadh"]
[Date "29.12.2017"]
[Round "1.37"]
[White "Pantsulaia, Levan"]
[Black "Tregubov, Pavel V."]
[Result "1-0"]
[WhiteTitle "GM"]
[BlackTitle "GM"]
[WhiteElo "2612"]
[BlackElo "2575"]
[WhiteFideId "13602071"]
[BlackFideId "4115341"]
[EventDate "2017.12.29"]

1. Nf3 d5 2. g3 Nf6 3. Bg2 Bf5 4. c4 e6 5. Qb3 Nc6 6. d3 Rb8 7. O-O Be7 8. Nc3
d4 9. Nb1 e5 10. Bg5 O-O 11. Nbd2 h6 12. Bxf6 Bxf6 13. Ne1 Be7 14. Nc2 Qd7 15.
Qa4 a5 16. Qb5 Rfe8 17. Nb3 Nb4 18. Nxb4 Qxb5 19. cxb5 axb4 20. Na5 Bd7 21. Bxb7
Bxb5 22. Bc6 Rf8 23. Bxb5 Rxb5 24. Nc4 Ra8 25. a4 bxa3 26. bxa3 e4 27. Rfb1 c6
28. Rc1 Ra4 29. dxe4 Rb3 30. Ne5 c5 31. Nc4 Rc3 32. Nb2 Raxa3 33. Rxa3 Rxc1+ 34.
Kg2 c4 35. Ra4 c3 36. Nd3 Rc2 37. Kf3 Bf6 38. e5 Bg5 39. h4 Bd2 40. Rxd4 Ra2 41.
Nb4 Rb2 42. Nd3 Ra2 43. Rc4 h5 44. e3 Kh7 45. Rc7 Kg6 46. Ke4 Ra4+ 47. Kf3 Ra2
48. Nf4+ Kf5 49. Rc5 c2 50. e6+ Kf6 51. exf7 Kxf7 52. Rc7+ Ke8 53. Nd3 Ra3 54.
Rxc2 Rxd3 55. Ke2 Rd5 56. Rxd2 Ra5 57. Kf3 Kf7 58. Kf4 Ke6 59. e4 Rb5 60. f3 Ra5
61. Rd5 1-0

[Event "Mondiale Lampo FIDE 2017"]
[Site "Riyadh"]
[Date "29.12.2017"]
[Round "1.38"]
[White "Malakhatko, Vadim"]
[Black "Adly, Ahmed"]
[Result "1/2-1/2"]
[WhiteTitle "GM"]
[BlackTitle "GM"]
[WhiteElo "2542"]
[BlackElo "2637"]
[WhiteFideId "14104202"]
[BlackFideId "10601619"]
[EventDate "2017.12.29"]

1. c4 e6 2. g3 Nf6 3. Bg2 d5 4. Nf3 Be7 5. O-O O-O 6. d4 b6 7. cxd5 Nxd5 8. e4
Nf6 9. Nc3 Bb7 10. Re1 Na6 11. Bf4 Re8 12. Rc1 c5 13. a3 cxd4 14. Nxd4 Bc5 15.
Be3 e5 16. Nf5 Bxe3 17. Nxe3 Nc5 18. Ned5 Nxd5 19. exd5 Qd7 20. b4 Na6 21. d6
Bxg2 22. Kxg2 Rad8 23. Ne4 Qb7 24. Qf3 Rd7 25. b5 Nc5 26. Nxc5 Qxf3+ 27. Kxf3
bxc5 1/2-1/2

[Event "Mondiale Lampo FIDE 2017"]
[Site "Riyadh"]
[Date "29.12.2017"]
[Round "1.39"]
[White "Bortnyk, Olexandr"]
[Black "Haddouche, Mohamed"]
[Result "1-0"]
[WhiteTitle "GM"]
[BlackTitle "GM"]
[WhiteElo "2610"]
[BlackElo "2505"]
[WhiteFideId "14120828"]
[BlackFideId "7900660"]
[EventDate "2017.12.29"]

1. d4 d6 2. Nc3 Nf6 3. e4 e5 4. Nf3 exd4 5. Nxd4 Be7 6. g3 O-O 7. Bg2 Re8 8. O-O
Bf8 9. Re1 c6 10. h3 a5 11. f4 Na6 12. Be3 Nc5 13. Bf2 a4 14. a3 Qc7 15. Qd2
Nfd7 16. Rad1 Nb6 17. Qc1 Bd7 18. g4 Rad8 19. f5 Nc4 20. b4 axb3 21. cxb3 Ne5
22. Qc2 Bc8 23. b4 Ncd7 24. g5 Nb6 25. Nd5 Nxd5 26. exd5 Bd7 27. Rc1 c5 28. Ne2
Bb5 29. Nf4 b6 30. g6 Qe7 31. gxh7+ Kh8 32. bxc5 bxc5 33. Qb3 Qg5 34. Qg3 Qxg3
35. Bxg3 Ra8 36. Rc3 Be7 37. Rb1 Ba4 38. Rb7 Bf6 39. Re3 Nf3+ 40. Rxf3 Re5 41.
Nh5 1-0

[Event "Mondiale Lampo FIDE 2017"]
[Site "Riyadh"]
[Date "29.12.2017"]
[Round "1.40"]
[White "Dzhumagaliev, Yan"]
[Black "Saric, Ivan"]
[Result "1-0"]
[WhiteTitle "FM"]
[BlackTitle "GM"]
[WhiteElo "2400"]
[BlackElo "2669"]
[WhiteFideId "24100110"]
[BlackFideId "14508150"]
[EventDate "2017.12.29"]

1. Nf3 g6 2. h4 Nf6 3. Nc3 Bg7 4. e4 d6 5. d4 Bg4 6. Be2 Nc6 7. d5 Nb8 8. Be3 c6
9. Nd4 h5 10. Qd2 c5 11. Nf3 Nbd7 12. Ng5 Ne5 13. f3 Bd7 14. a4 a6 15. O-O O-O
16. Bf4 Rb8 17. Bxe5 dxe5 18. a5 Ne8 19. Na4 Bxa4 20. Rxa4 Bh6 21. Qc3 Qd6 22.
Rc4 Rc8 23. Qb3 Qc7 24. Qb6 Nd6 25. Rc3 c4 26. b4 Qxb6+ 27. axb6 Ra8 28. Ra3
Rfc8 29. Ra5 Nb5 30. Kf2 Kg7 31. Rfa1 Kf6 32. Kg3 Nd4 33. Bd1 c3 34. Nh7+ Kg7
35. Ng5 Rab8 36. Rc5 f6 37. Ne6+ Nxe6 38. dxe6 Be3 39. Rd5 Rc6 40. Rd7 Rxe6 41.
Be2 Kf8 42. b5 axb5 43. Bxb5 Rxb6 44. Bc4 Rd6 45. Rc7 f5 46. Bd5 Bb6 47. Rc4 e6
48. Bxb7 Rxb7 49. Ra8+ Rd8 50. Ra6 Bd4 51. Rxe6 Kf7 52. Rcc6 f4+ 53. Kh2 Rb2 54.
Rxg6 Rd7 55. Rce6 Rxc2 56. Rgf6+ Kg8 57. Re8+ Kg7 58. Ree6 Rd2 59. Rg6+ Kf8 60.
Ref6+ Rf7 61. Rc6 Rb2 62. Rc8+ Ke7 63. Rc7+ Ke8 64. Rg8+ Rf8 65. Rc8+ Kd7 66.
Rgxf8 c2 67. Rfd8+ Ke7 68. Rd5 Rb1 69. Rc7+ Ke6 70. Rc6+ Kf7 71. Rxc2 Bg1+ 72.
Kh3 Bd4 73. g4 hxg4+ 74. Kxg4 Rg1+ 75. Kf5 1-0

[Event "Mondiale Lampo FIDE 2017"]
[Site "Riyadh"]
[Date "29.12.2017"]
[Round "1.41"]
[White "Cheparinov, Ivan"]
[Black "Sanal, Vahap"]
[Result "1-0"]
[WhiteTitle "GM"]
[BlackTitle "GM"]
[WhiteElo "2710"]
[BlackElo "2551"]
[WhiteFideId "2905540"]
[BlackFideId "6300545"]
[EventDate "2017.12.29"]

1. d4 Nf6 2. Nf3 e6 3. c4 b6 4. g3 Bb7 5. Bg2 Be7 6. O-O O-O 7. Nc3 Ne4 8. Bd2
Nxd2 9. Nxd2 c6 10. d5 a5 11. Rc1 Na6 12. Nb3 exd5 13. cxd5 Bf6 14. Qd2 Re8 15.
Rfd1 c5 16. d6 Bxg2 17. Kxg2 Nb4 18. a4 Qc8 19. Nb5 Qb7+ 20. f3 Re5 21. e4 Rae8
22. Qf2 Bg5 23. Rc4 f5 24. Nc7 1-0

[Event "Mondiale Lampo FIDE 2017"]
[Site "Riyadh"]
[Date "29.12.2017"]
[Round "1.42"]
[White "Tissir, Mohamed"]
[Black "Movsesian, Sergei"]
[Result "0-1"]
[WhiteTitle "IM"]
[BlackTitle "GM"]
[WhiteElo "2381"]
[BlackElo "2647"]
[WhiteFideId "9000240"]
[BlackFideId "310204"]
[EventDate "2017.12.29"]

1. e4 c5 2. Nf3 e6 3. d4 cxd4 4. Nxd4 Nc6 5. Nc3 a6 6. Nb3 b5 7. Bd3 Bb7 8. O-O
Nf6 9. f4 d6 10. Qf3 Be7 11. Bd2 O-O 12. Rae1 Nb4 13. Qh3 Nxd3 14. cxd3 b4 15.
Nd1 a5 16. Be3 e5 17. Nf2 Rc8 18. Rc1 a4 19. Nd2 a3 20. bxa3 bxa3 21. fxe5 dxe5
22. Nc4 Ba6 23. Nxe5 Rxc1 24. Rxc1 Bd6 25. Nc6 Qe8 26. Qf3 Nd7 27. d4 Bb7 28. e5
Bxe5 0-1

[Event "Mondiale Lampo FIDE 2017"]
[Site "Riyadh"]
[Date "29.12.2017"]
[Round "1.43"]
[White "Li, Chao b"]
[Black "Abdyjapar, Asyl"]
[Result "1-0"]
[WhiteTitle "GM"]
[BlackTitle "IM"]
[WhiteElo "2732"]
[BlackElo "2382"]
[WhiteFideId "8604436"]
[BlackFideId "13800337"]
[EventDate "2017.12.29"]

1. d4 Nf6 2. c4 e6 3. g3 c5 4. d5 exd5 5. cxd5 d6 6. Nc3 g6 7. Bg2 Bg7 8. Nf3
O-O 9. O-O a6 10. a4 Re8 11. Re1 Nbd7 12. Bf4 Qc7 13. Rc1 b6 14. h3 Nh5 15. Bg5
Ne5 16. g4 Nxf3+ 17. Bxf3 Nf6 18. Qd2 Nd7 19. Ne4 Bb7 20. Bg2 Re5 21. Ng3 Nf6
22. e4 Nd7 23. b4 Ree8 24. Bh6 Bh8 25. Kh2 Rac8 26. f4 c4 27. Rc2 c3 28. Qd3 Qc4
29. Qxc4 Rxc4 30. Rb1 Rec8 31. Rb3 R8c7 32. Bg5 a5 33. bxa5 bxa5 34. Bd8 Rb4 35.
Ra3 Rc5 36. Be7 Rb6 37. e5 dxe5 38. Bxc5 Nxc5 39. Rcxc3 exf4 40. Rxc5 fxg3+ 41.
Kxg3 Be5+ 42. Kh4 Bd6 43. Rac3 h6 44. Rb5 Rxb5 45. axb5 a4 46. g5 h5 47. Be4 a3
48. Rc2 Ba8 1-0

[Event "Mondiale Lampo FIDE 2017"]
[Site "Riyadh"]
[Date "29.12.2017"]
[Round "1.44"]
[White "Shytaj, Luca"]
[Black "Khismatullin, Denis"]
[Result "0-1"]
[WhiteTitle "IM"]
[BlackTitle "GM"]
[WhiteElo "2459"]
[BlackElo "2632"]
[WhiteFideId "812633"]
[BlackFideId "4142578"]
[EventDate "2017.12.29"]

1. b3 c5 2. Bb2 d6 3. e4 Nf6 4. d3 g6 5. Nd2 Bg7 6. Ngf3 Nc6 7. Be2 O-O 8. Rb1
e5 9. O-O Re8 10. Nc4 h6 11. Bc1 d5 12. exd5 Nxd5 13. Bd2 f5 14. Qc1 Kh7 15. Rd1
Be6 16. Bf1 b5 17. Ne3 Ndb4 18. a3 Na2 19. Qb2 e4 20. Qxa2 exf3 21. gxf3 f4 22.
Ng2 g5 23. c3 Ne5 24. Ne1 Bd5 25. Bg2 Ng6 26. c4 Bb7 27. d4 Bxd4 28. Bc3 Qf6 29.
Bxd4 cxd4 30. Qc2 Kg7 31. cxb5 Nh4 32. Qd3 Rad8 33. Rbc1 Re7 34. Rc5 Rde8 35.
Nc2 Re2 36. Qxd4 Qxd4 37. Rxd4 Nxf3+ 38. Bxf3 Bxf3 39. Rc7+ Kg6 40. Rd1 Rxc2 41.
Rxc2 Bxd1 42. Rc6+ Kf5 43. Kf1 Bf3 44. Rc3 g4 45. Rc5+ Kg6 46. Rc7 Rd8 47. Rc1
Rd3 48. Rb1 Rd1+ 49. Rxd1 Bxd1 50. b4 Ba4 51. Ke1 Bxb5 52. Kd2 Kf5 53. Kc3 Ke5 0-1

[Event "Mondiale Lampo FIDE 2017"]
[Site "Riyadh"]
[Date "29.12.2017"]
[Round "1.45"]
[White "Vallejo Pons, Francisco"]
[Black "Minko, Vladimir"]
[Result "1-0"]
[WhiteTitle "GM"]
[BlackTitle "IM"]
[WhiteElo "2707"]
[BlackElo "2381"]
[WhiteFideId "2205530"]
[BlackFideId "24146706"]
[EventDate "2017.12.29"]

1. e4 c5 2. Nf3 Nc6 3. Bb5 e6 4. Bxc6 bxc6 5. d3 Ne7 6. h4 d6 7. h5 e5 8. h6
gxh6 9. Bxh6 Bxh6 10. Rxh6 Ng6 11. Nbd2 Be6 12. g3 Rb8 13. b3 Qf6 14. Qe2 Qg7
15. Qe3 Nf4 16. Rh2 Ng6 17. O-O-O a5 18. Nc4 Bxc4 19. dxc4 Qf6 20. a4 Ke7 21.
Rh6 Qg7 22. Nh4 Nxh4 23. Rhxd6 Ng6 24. Qxc5 Ke8 25. Qxc6+ 1-0

[Event "Mondiale Lampo FIDE 2017"]
[Site "Riyadh"]
[Date "29.12.2017"]
[Round "1.46"]
[White "Al-Saffar, Araz Basim Mohammed S"]
[Black "Eljanov, Pavel"]
[Result "1-0"]
[WhiteTitle "IM"]
[BlackTitle "GM"]
[WhiteElo "2368"]
[BlackElo "2711"]
[WhiteFideId "4801040"]
[BlackFideId "14102951"]
[EventDate "2017.12.29"]

1. d4 d5 2. c4 c6 3. cxd5 cxd5 4. Bf4 Nc6 5. Nc3 e5 6. dxe5 d4 7. Nb1 Nge7 8.
Nf3 Nd5 9. Bd2 Qb6 10. Qb3 Ndb4 11. e4 Be6 12. Qd1 d3 13. Na3 Bc5 14. Bxb4 Bxf2+
15. Kd2 Qxb4+ 16. Kc1 O-O-O 17. Qd2 Qc5+ 18. Kd1 Kb8 19. Rc1 Qb6 20. Nc4 Bxc4
21. Rxc4 Be3 22. Qc3 d2 23. Be2 Bf4 24. g3 Bxe5 25. Nxe5 Nxe5 26. Qxe5+ Ka8 27.
Rf1 f6 28. Qc3 a6 29. Qb3 Qd6 30. Rc2 Qd4 31. Bf3 Rd6 32. e5 Rb6 33. Qc3 Qa4 34.
exf6 gxf6 35. Qxd2 Qxa2 36. Ke2 h5 37. h4 Qe6+ 38. Kf2 Rg8 39. Kg2 Qe5 40. Qf2
Rb3 41. Re1 Qd6 42. Rc3 Rb4 43. Rce3 Rb8 44. Re8 Rd4 45. Rxb8+ Kxb8 46. Re8+ Kc7
47. Qc2+ Kb6 48. Qf2 Ka5 49. Re2 b5 50. Qe3 Qc5 51. Bxh5 b4 52. Bf3 Qd6 53. h5
Rd3 54. Qe4 Rd4 55. Qf5+ Ka4 56. h6 Rd2 57. Rxd2 Qxd2+ 58. Kg1 Qe3+ 59. Kg2 Qd2+
60. Kf1 Qc1+ 61. Kf2 Qxh6 62. Bc6+ Kb3 63. Qd3+ Kxb2 64. Qxa6 Qd2+ 65. Qe2 Kc3
66. Qxd2+ Kxd2 67. Bd5 Kc3 68. Kf3 Kd4 69. Bb3 Ke5 70. Bc2 Ke6 71. Kf4 Ke7 72.
Kf5 Kf7 73. g4 Kg7 74. Bb3 Kh8 75. Kxf6 1-0

[Event "Mondiale Lampo FIDE 2017"]
[Site "Riyadh"]
[Date "29.12.2017"]
[Round "1.48"]
[White "Khader, Sami"]
[Black "Akobian, Varuzhan"]
[Result "0-1"]
[WhiteTitle "IM"]
[BlackTitle "GM"]
[WhiteElo "2392"]
[BlackElo "2647"]
[WhiteFideId "8100500"]
[BlackFideId "13300580"]
[EventDate "2017.12.29"]

1. e4 d6 2. d4 Nf6 3. Nc3 c6 4. f4 Qa5 5. Bd3 e5 6. Nf3 exd4 7. Nxd4 Qb6 8. Nf3
g6 9. Qe2 Bg7 10. e5 dxe5 11. fxe5 Nd5 12. Nxd5 cxd5 13. Be3 Qc7 14. O-O O-O 15.
Bf4 Nc6 16. Rae1 Bg4 17. h3 Bxf3 18. Qxf3 Qb6+ 19. Kh1 Qxb2 20. Qxd5 Rad8 21.
Qb3 Qxb3 22. axb3 Rfe8 23. Bc4 Bxe5 24. Bxf7+ Kxf7 25. Bxe5+ Kg8 26. Bc3 Rxe1
27. Rxe1 Kf7 28. Kg1 b5 29. Rf1+ Ke6 30. Re1+ Kd5 31. Rd1+ Kc5 32. Rxd8 Nxd8 33.
Kf2 Nc6 34. Ke3 a5 35. Kd2 a4 36. bxa4 bxa4 37. Kc1 Kc4 38. Bf6 a3 39. Kb1 Nb4
40. Be7 a2+ 41. Kb2 Nxc2 42. Kxa2 Ne1 43. g3 Kd3 44. Kb2 Ke4 45. Kc3 Kf3 46. Kd2
Ng2 47. Bd6 Ne3 48. Kd3 Nf5 49. Bb8 Nxg3 50. Kd4 Kg2 51. Ke5 Kxh3 52. Kf6 Ne4+
53. Kg7 h5 54. Kxg6 Kg4 0-1